000 00836nam a22001937a 4500
999 _c371935
_d371935
008 201127b ||||| |||| 00| 0 eng d
040 _aDE-2950
_bger
_cDE-2950
_erda
041 _ager
245 _aFragen an den Ministerpräsidenten
_bDialog. Dietmar Woidke (SPD) hat sich in Frankfurt den Bürgern gestellt. viele nutzten die Gelegenheit und zeigten sich auch kritisch. An einer Stelle wurde es Woidke im Kleist-Forum jedoch zu bunt/
_cPhilipp Stepputis
264 _c2022
653 _aFrankfurt (Oder)
653 _aBürgerdialog
655 _yMinisterpräsident Woidke
773 _dFrankfurt (Oder) Märkisches Verlags- und Druckhaus GmbH & Co KG
_tMärkische Oderzeitung
_g33. Jahrgang (2022) Nr. 268 vom 17.11.2022, S. 15 mit Foto
942 _cA